Statistics for 03岩手県の市町村(選択形式)

Click here to take the quiz!

General Stats

  • This quiz has been taken 9 times
  • The average score is 22 of 33

Answers on the Map

Answers color-coded by a green-red scale on the quiz's map according to % correct below.
 

Answer Stats

Answer% Correct
25:山田町
100%
22:平泉町
86%
26:岩泉町
86%
01:盛岡市
71%
02:宮古市
71%
03:大船渡市
71%
04:花巻市
71%
05:北上市
71%
07:遠野市
71%
08:一関市
71%
09:陸前高田市
71%
11:二戸市
71%
12:八幡平市
71%
13:奥州市
71%
15:雫石町
71%
17:岩手町
71%
18:紫波町
71%
19:矢巾町
71%
20:西和賀町
71%
21:金ケ崎町
71%
30:野田村
71%
31:九戸村
71%
32:洋野町
71%
06:久慈市
57%
10:釜石市
57%
14:滝沢市
57%
16:葛巻町
57%
23:住田町
57%
24:大槌町
57%
29:軽米町
57%
33:一戸町
57%
27:田野畑村
43%
28:普代村
43%

Score Distribution

Percentile by Number Answered

Percent of People with Each Score

Your Score History

You have not taken this quiz